[Event "XXXI Memorial Edoardo Crespi A"]
[Site "Milano ITA"]
[Date "2010.12.08"]
[Round "6"]
[White "Virzi, Ettore"]
[Black "Mazzariol, Oscar"]
[WhiteElo "2000"]
[BlackElo "2089"]
[Result "1/2-1/2"]
[PlyCount "80"]
[EventDate "2010.12.04"]

1. e4 e5 2. Nf3 Nc6 3. Bb5 a6 4. Ba4 Nf6 5. O-O Be7 6. Re1 b5 7. Bb3 O-O 8. h3
d6 9. c3 Na5 10. Bc2 c5 11. d4 Qc7 12. Nbd2 Nc6 13. d5 Nb8 14. a4 Ra7 15. Nf1
Ne8 16. Ng3 g6 17. Nh2 f5 18. exf5 gxf5 19. Bh6 Rf7 20. axb5 axb5 21. Rxa7 Qxa7
22. Nxf5 Nf6 23. Qf3 Kh8 24. Bg5 Bxf5 25. Qxf5 Qd7 26. Bxf6+ Bxf6 27. Qh5 Na6
28. Bf5 Qe7 29. Ra1 Nc7 30. Ng4 Rg7 31. Nxf6 Qxf6 32. Be4 Rf7 33. Qe2 Qg5 34.
g3 Kg7 35. Qg4 Qxg4 36. hxg4 Ne8 37. Ra6 h6 38. Kg2 Rb7 39. f3 b4 40. c4 Kf6
1/2-1/2

[Event "XXXI Memorial Edoardo Crespi A"]
[Site "Milano ITA"]
[Date "2010.12.09"]
[Round "7"]
[White "Astengo, Corrado"]
[Black "Loehnhardt, Benjamin"]
[WhiteElo "2139"]
[BlackElo "2042"]
[Result "0-1"]
[PlyCount "56"]
[EventDate "2010.12.04"]

1. e4 e5 2. Nf3 Nc6 3. Bc4 Nf6 4. d4 exd4 5. e5 d5 6. Bb5 Ne4 7. Nxd4 Bc5 8.
Be3 Bd7 9. Bxc6 bxc6 10. O-O Bb6 11. f3 Nc5 12. Nd2 O-O 13. f4 Ne6 14. c3 c5
15. Nf5 f6 16. Qg4 Kh8 17. Ng3 fxe5 18. f5 Nf4 19. Bxf4 exf4 20. Rxf4 c4+ 21.
Kh1 Be3 22. Ndf1 Bxf4 23. Qxf4 Rb8 24. Ne3 c6 25. Qd4 Qb6 26. Qe5 Rbe8 27. Qd6
Qxe3 28. Qxd7 Qe1+ 0-1

[Event "XXXI Memorial Edoardo Crespi A"]
[Site "Milano ITA"]
[Date "2010.12.09"]
[Round "7"]
[White "Astengo, Marcello"]
[Black "Virzi, Ettore"]
[WhiteElo "2070"]
[BlackElo "2000"]
[Result "1-0"]
[PlyCount "67"]
[EventDate "2010.12.04"]

1. d4 Nf6 2. c4 g6 3. Nc3 Bg7 4. e4 d6 5. f3 O-O 6. Bg5 c5 7. d5 e6 8. Qd2 exd5
9. cxd5 h6 10. Be3 a6 11. a4 Nh7 12. h4 h5 13. Be2 Re8 14. a5 f5 15. Bd3 Nd7
16. Nge2 Ne5 17. Ng3 Nxd3+ 18. Qxd3 Bf6 19. O-O Bxh4 20. Nce2 Qf6 21. Bd2 Bxg3
22. Nxg3 fxe4 23. Nxe4 Qd4+ 24. Qxd4 cxd4 25. Ra4 Bf5 26. Nxd6 Re5 27. Rxd4 Nf6
28. Nxf5 Rxf5 29. d6 Rd5 30. Rxd5 Nxd5 31. Bg5 Kf7 32. Rd1 Nf6 33. d7 Rd8 34.
Rd6 1-0

[Event "XXXI Memorial Edoardo Crespi A"]
[Site "Milano ITA"]
[Date "2010.12.09"]
[Round "7"]
[White "Bellia, Fabrizio"]
[Black "David, Alberto"]
[WhiteElo "2399"]
[BlackElo "2587"]
[Result "0-1"]
[PlyCount "96"]
[EventDate "2010.12.04"]

1. e4 c5 2. Nf3 e6 3. d4 cxd4 4. Nxd4 a6 5. Bd3 Bc5 6. Nb3 Be7 7. Qg4 g6 8. Qe2
d6 9. O-O Nd7 10. Na3 Ne5 11. f4 Nxd3 12. cxd3 Nf6 13. Be3 b5 14. Rac1 Bd7 15.
Nd4 Rc8 16. Rxc8 Qxc8 17. Rc1 Qb7 18. Nb3 O-O 19. Na5 Qa8 20. h3 e5 21. fxe5
dxe5 22. Bc5 Bxc5+ 23. Rxc5 Qd8 24. b4 Nh5 25. Qe3 Qf6 26. Nc2 Nf4 27. Kh2 Re8
28. a3 h5 29. Qf3 Kg7 30. Ne3 Be6 31. Nd5 Bxd5 32. exd5 Rd8 33. Nb7 Rd7 34. d6
Ne6 35. Qd5 Qf4+ 36. Kh1 Nd4 37. Rc7 Rxc7 38. dxc7 Ne2 39. Qc5 Qf1+ 40. Kh2
Qf4+ 41. Kh1 Ng3+ 42. Kh2 Ne4+ 43. Kh1 Nxc5 44. bxc5 e4 45. c8=Q e3 46. Qe8
Qf1+ 47. Kh2 e2 48. Qe5+ Kh7 0-1

[Event "XXXI Memorial Edoardo Crespi A"]
[Site "Milano ITA"]
[Date "2010.12.09"]
[Round "7"]
[White "Bonanno, Alessandro"]
[Black "Salami, Marco"]
[WhiteElo "2143"]
[BlackElo "2203"]
[Result "0-1"]
[PlyCount "46"]
[EventDate "2010.12.04"]

1. e4 e6 2. d4 d5 3. Nc3 Nf6 4. e5 Nfd7 5. Nce2 c5 6. c3 Nc6 7. f4 Be7 8. Nf3
O-O 9. h4 cxd4 10. cxd4 f6 11. Rh3 fxe5 12. fxe5 Qb6 13. a3 Ndxe5 14. dxe5 Bc5
15. b4 Bf2+ 16. Kd2 Bd7 17. Nc3 Rac8 18. Qe2 Nd4 19. Nxd4 Bxd4 20. Qe1 Bxc3+
21. Rxc3 Qd4+ 22. Kc2 Ba4+ 23. Kb2 Rf2+ 0-1

[Event "XXXI Memorial Edoardo Crespi A"]
[Site "Milano ITA"]
[Date "2010.12.09"]
[Round "7"]
[White "Borgo, Giulio"]
[Black "Tonndorf, Matthias"]
[WhiteElo "2414"]
[BlackElo "2169"]
[Result "1/2-1/2"]
[PlyCount "92"]
[EventDate "2010.12.04"]

1. e4 c5 2. Nf3 e6 3. g3 b6 4. Bg2 Bb7 5. Qe2 d6 6. d4 cxd4 7. Nxd4 Nd7 8. O-O
a6 9. c4 Qc7 10. Be3 Rc8 11. b3 Ngf6 12. Nc3 Qb8 13. Rac1 Be7 14. f4 Qa8 15.
Bf2 g6 16. Rfe1 O-O 17. g4 Rfe8 18. f5 gxf5 19. gxf5 e5 20. Nc2 Kh8 21. Nd5
Nxd5 22. exd5 Bg5 23. Be3 Bxe3+ 24. Qxe3 Rg8 25. Qh6 f6 26. Nd4 Rg4 27. Ne2
Rcg8 28. Ng3 a5 29. Re4 R4g5 30. Rh4 R8g7 31. Kh1 a4 32. Be4 axb3 33. axb3 Qa3
34. Rb1 Qc5 35. Rh5 Qe3 36. Rxg5 Rxg5 37. Qh4 Nc5 38. Bg2 Qd3 39. Rf1 Qxb3 40.
Nh5 Qb2 41. Bh3 e4 42. Nf4 e3 43. Qh6 Nd7 44. Ng6+ Kg8 45. Ne7+ Kf7 46. Ng6 Kg8
1/2-1/2

[Event "XXXI Memorial Edoardo Crespi A"]
[Site "Milano ITA"]
[Date "2010.12.09"]
[Round "7"]
[White "Borin, Fabio"]
[Black "Barberi, Alessandro"]
[WhiteElo "2141"]
[BlackElo "2077"]
[Result "1/2-1/2"]
[PlyCount "27"]
[EventDate "2010.12.04"]

1. d4 Nf6 2. c4 e6 3. Nc3 d5 4. cxd5 exd5 5. Bg5 Be7 6. e3 O-O 7. Qc2 Nbd7 8.
Bd3 Re8 9. Nge2 Nf8 10. O-O h6 11. Bxf6 Bxf6 12. b4 Bg4 13. Rab1 c6 14. Rfc1
1/2-1/2

[Event "XXXI Memorial Edoardo Crespi A"]
[Site "Milano ITA"]
[Date "2010.12.09"]
[Round "7"]
[White "Bozzali, Ermanno"]
[Black "Melotti, Dario"]
[WhiteElo "2119"]
[BlackElo "2087"]
[Result "1-0"]
[PlyCount "101"]
[EventDate "2010.12.04"]

1. e4 e6 2. d4 d5 3. Nc3 Nf6 4. e5 Nfd7 5. f4 c5 6. Nf3 Nc6 7. Be3 Be7 8. Qd2
O-O 9. Bd3 c4 10. Be2 b5 11. a3 Qb6 12. O-O a5 13. Nd1 Ba6 14. Nf2 b4 15. c3
bxa3 16. bxa3 a4 17. Bd1 Qa5 18. Bc2 Rfb8 19. f5 Rb3 20. Nd1 Rxa3 21. Rxa3 Bxa3
22. fxe6 fxe6 23. Ng5 Nf8 24. Qf2 Ra7 25. Qf3 Nd8 26. Nxh7 Nxh7 27. Bxh7+ Kxh7
28. Qh5+ Kg8 29. Qe8+ Kh7 30. Rf3 Nf7 31. Rh3+ Nh6 32. Rg3 Nf5 33. Rh3+ Nh6 34.
Rg3 Nf5 35. Qg6+ Kg8 36. Qxe6+ Rf7 37. Rf3 Kf8 38. Rxf5 Rxf5 39. Qxf5+ Kg8 40.
e6 Qc7 41. Bf4 Qb7 42. Qg6 Bf8 43. Nf2 Qb2 44. Ng4 Qa1+ 45. Kf2 Qb2+ 46. Kg3
Qxc3+ 47. Be3 Qe1+ 48. Kh3 Qf1 49. Nh6+ Kh8 50. Nf7+ Kg8 51. Qh5 1-0

[Event "XXXI Memorial Edoardo Crespi A"]
[Site "Milano ITA"]
[Date "2010.12.09"]
[Round "7"]
[White "Brunello, Roberta"]
[Black "D'Alessio, Angelo"]
[WhiteElo "2063"]
[BlackElo "2030"]
[Result "0-1"]
[PlyCount "54"]
[EventDate "2010.12.04"]

1. e4 Nf6 2. e5 Nd5 3. d4 d6 4. Bc4 Nb6 5. Bb3 dxe5 6. Qh5 e6 7. dxe5 Nc6 8.
Nf3 g6 9. Qh3 h6 10. Nc3 Bg7 11. Qg3 Bd7 12. a3 Qe7 13. Be3 Na5 14. Ba2 Nac4
15. Ne4 Nxe3 16. fxe3 Bc6 17. Nfd2 Nd7 18. c3 Nxe5 19. O-O O-O 20. Nf2 Rad8 21.
Nb3 Bd5 22. Rad1 Bc4 23. Rfe1 Rxd1 24. Rxd1 Rd8 25. Rd4 c5 26. Re4 Qd6 27. Na5
Qd1+ 0-1

[Event "XXXI Memorial Edoardo Crespi A"]
[Site "Milano ITA"]
[Date "2010.12.09"]
[Round "7"]
[White "Burlando, Alessandro"]
[Black "Agrifoglio, Fabio"]
[WhiteElo "2132"]
[BlackElo "1999"]
[Result "1-0"]
[PlyCount "103"]
[EventDate "2010.12.04"]

1. d4 Nf6 2. c4 e5 3. dxe5 Ng4 4. Nf3 Nc6 5. e3 Bb4+ 6. Nbd2 a5 7. Be2 Ngxe5 8.
O-O O-O 9. a3 Be7 10. Nd4 d6 11. Ne4 d5 12. cxd5 Qxd5 13. Nc3 Qd8 14. Ndb5 Be6
15. f4 Qxd1 16. Rxd1 Bb3 17. fxe5 Bxd1 18. Bxd1 Nxe5 19. Nxc7 Rac8 20. N7d5 Bc5
21. Be2 Rfe8 22. Bd2 Nc6 23. Bb5 Re5 24. Re1 Rd8 25. Bc4 Kf8 26. Bc1 Nd4 27.
Kf1 Rf5+ 28. Kg1 Nc2 29. Re2 Nb4 30. axb4 axb4 31. Nb5 Rfxd5 32. Bxd5 Rxd5 33.
Nd4 f5 34. g3 g5 35. Ne6+ Ke7 36. Nxc5 Rxc5 37. Bd2 Rc4 38. Kf2 Ke6 39. b3 Re4
40. Re1 Kd5 41. Rc1 h5 42. Rc7 h4 43. Rxb7 hxg3+ 44. hxg3 Kc5 45. Ra7 Kb5 46.
Rf7 Re5 47. Rb7+ Kc5 48. Rxb4 Re8 49. Ra4 Rd8 50. Ke2 f4 51. gxf4 g4 52. Ra5+
1-0

[Event "XXXI Memorial Edoardo Crespi A"]
[Site "Milano ITA"]
[Date "2010.12.09"]
[Round "7"]
[White "Codenotti, Marco"]
[Black "Colovic, Aleksandar"]
[WhiteElo "2228"]
[BlackElo "2457"]
[Result "0-1"]
[PlyCount "45"]
[EventDate "2010.12.04"]

1. e4 c5 2. Nf3 d6 3. d4 cxd4 4. Nxd4 Nf6 5. Nc3 a6 6. Be2 Nbd7 7. O-O g6 8. f4
Bg7 9. Be3 O-O 10. Bf3 Re8 11. Nb3 Qc7 12. Qd3 Nb6 13. Rad1 Nc4 14. Bc1 Rb8 15.
a4 b5 16. Nd4 e5 17. Ndxb5 Qc5+ 18. Kh1 d5 19. fxe5 dxe4 20. Qd4 Qxd4 21. Rxd4
Nxe5 22. Bxe4 Nxe4 23. Nxe4 0-1

[Event "XXXI Memorial Edoardo Crespi A"]
[Site "Milano ITA"]
[Date "2010.12.09"]
[Round "7"]
[White "Facchetti, Gianni"]
[Black "Tramalloni, Luca"]
[WhiteElo "2154"]
[BlackElo "2144"]
[Result "1/2-1/2"]
[PlyCount "194"]
[EventDate "2010.12.04"]

1. e4 c5 2. Nf3 Nc6 3. Bb5 g6 4. Qe2 Bg7 5. e5 Nh6 6. Bxc6 dxc6 7. h3 Nf5 8.
O-O Nd4 9. Nxd4 Qxd4 10. Re1 O-O 11. d3 b6 12. Nd2 h6 13. Nf3 Qd5 14. b3 Rd8
15. Bb2 Be6 16. Rad1 a5 17. c4 Qd7 18. d4 cxd4 19. Nxd4 Qc8 20. Qe4 Bd7 21. e6
Bxe6 22. Nxc6 Re8 23. Rd8 Qb7 24. Nxe7+ Qxe7 25. Rxa8 Bxb2 26. Rxe8+ Qxe8 27.
Qe3 Qd8 28. Qxh6 Bg7 29. Qc1 Qf6 30. c5 bxc5 31. Qxc5 Qc3 32. Qxc3 Bxc3 33. Re3
Bb4 34. Re5 Kg7 35. a3 Bxa3 36. Rxa5 Bb2 37. b4 Bc3 38. Rb5 Kf6 39. Rb7 Ke5 40.
b5 Kd6 41. b6 Ba5 42. Rb8 Kc6 43. b7 Bc7 44. Rh8 Kxb7 45. h4 Kc6 46. Ra8 Kd5
47. Ra7 Bd8 48. Ra4 Ke5 49. f3 Bb6+ 50. Kh2 Bd8 51. g3 Bd5 52. Ra3 Bf6 53. Kh3
Be6+ 54. Kg2 Bd5 55. Ra4 Ke6 56. Ra6+ Ke5 57. Kf2 Be7 58. Ra5 Ke6 59. Kg2 g5
60. hxg5 Bxg5 61. Kh3 Bf6 62. f4 Bc3 63. Ra4 f5 64. g4 fxg4+ 65. Kxg4 Bf6 66.
Ra6+ Kf7 67. Kf5 Be7 68. Ke5 Bc4 69. Rc6 Bb5 70. Rb6 Bc4 71. f5 Ke8 72. f6 Bd8
73. Rb7 Bf7 74. Kf5 Bh5 75. Kg5 Bf7 76. Ra7 Bd5 77. Kg6 Be4+ 78. Kg7 Bd5 79.
f7+ Bxf7 80. Rxf7 Be7 81. Rf1 Kd7 82. Kf7 Bd8 83. Rd1+ Kc8 84. Ke6 Bb6 85. Kd6
Kb7 86. Rb1 Ka7 87. Kc6 Bf2 88. Rb7+ Ka8 89. Kc7 Bg3+ 90. Kc6 Bf4 91. Rb4 Be3
92. Kc7 Ba7 93. Rg4 Bb8+ 94. Kc8 Ba7 95. Kc7 Bb8+ 96. Kb6 Ba7+ 97. Ka6 Bb8
1/2-1/2

[Event "XXXI Memorial Edoardo Crespi A"]
[Site "Milano ITA"]
[Date "2010.12.09"]
[Round "7"]
[White "Gagliardi, Christian"]
[Black "Cazzaniga, Walter"]
[WhiteElo "2188"]
[BlackElo "2116"]
[Result "1-0"]
[PlyCount "77"]
[EventDate "2010.12.04"]

1. e4 e6 2. d4 d5 3. Nc3 Bb4 4. e5 c5 5. Bd2 Ne7 6. Nb5 Bxd2+ 7. Qxd2 O-O 8. f4
cxd4 9. Nf3 Nbc6 10. Nbxd4 f6 11. exf6 Rxf6 12. O-O-O Ng6 13. g3 Bd7 14. Bd3
Nf8 15. Rhe1 Rc8 16. Kb1 a6 17. Nb3 Qb6 18. Qe3 Qxe3 19. Rxe3 Nb4 20. Nbd4 Nc6
21. Nxc6 Rxc6 22. Nd4 Rc7 23. c3 Bc8 24. Rde1 g6 25. Bf1 Kf7 26. Bh3 b5 27. Nf3
h6 28. Bg2 Kg7 29. h4 Bb7 30. Nd4 Kf7 31. a3 Bc8 32. Re5 Bb7 33. Bf3 Bc8 34. h5
gxh5 35. Bxh5+ Ke7 36. Rxd5 Ng6 37. f5 Nf8 38. fxe6 Nxe6 39. Nf5+ 1-0

[Event "XXXI Memorial Edoardo Crespi A"]
[Site "Milano ITA"]
[Date "2010.12.09"]
[Round "7"]
[White "Garano, Nicola"]
[Black "Pace, Pietro Dario"]
[WhiteElo "2171"]
[BlackElo "2316"]
[Result "0-1"]
[PlyCount "82"]
[EventDate "2010.12.04"]

1. e4 g6 2. d4 Bg7 3. Nc3 c6 4. Be3 d5 5. Qd2 h5 6. O-O-O Nh6 7. exd5 cxd5 8.
Bb5+ Bd7 9. Bf4 a6 10. Bxd7+ Qxd7 11. Nf3 Nc6 12. Na4 Nxd4 13. Nb6 Qb5 14. Nxd4
Qxb6 15. Be3 Nf5 16. Kb1 O-O 17. c3 Nxe3 18. Qxe3 e5 19. Nf5 d4 20. Ne7+ Kh7
21. Nd5 Qe6 22. Qe4 f5 23. Qf3 e4 24. Nf4 Qd6 25. Qg3 Be5 26. Rxd4 Bxd4 27. Rd1
Qf6 28. Rxd4 Rad8 29. Nd5 Qe6 30. Qc7+ Kh6 31. Nf4 Qf6 32. Ne6 Rxd4 33. Nxf8
Rd6 34. Qh7+ Kg5 35. Qg8 Kh4 36. a3 f4 37. h3 f3 38. g3+ Kxh3 39. Nh7 Qd8 40.
Qg7 Rd1+ 41. Kc2 Rd2+ 0-1

[Event "XXXI Memorial Edoardo Crespi A"]
[Site "Milano ITA"]
[Date "2010.12.09"]
[Round "7"]
[White "Gikas, Andreas Basilius"]
[Black "Bemporad, Filippo"]
[WhiteElo "2182"]
[BlackElo "2068"]
[Result "1-0"]
[PlyCount "79"]
[EventDate "2010.12.04"]

1. e4 c5 2. Nf3 d6 3. d4 cxd4 4. Nxd4 Nf6 5. Nc3 e6 6. Be2 Be7 7. O-O O-O 8. f4
Nc6 9. Be3 e5 10. Nb3 exf4 11. Bxf4 Be6 12. Kh1 Ne5 13. Nd4 Rc8 14. Nf5 Bxf5
15. Bxe5 Be6 16. Bd4 a6 17. Qe1 Nd7 18. Qg3 Ne5 19. Rad1 Qc7 20. Bd3 Qa5 21. a3
Ng6 22. Nd5 Bxd5 23. exd5 Rce8 24. Rf5 Qd8 25. Qh3 Bg5 26. Rdf1 Qe7 27. c4 Nh4
28. R5f2 Ng6 29. Qf5 Bh6 30. b4 Rd8 31. c5 Qh4 32. g4 dxc5 33. bxc5 Qg5 34. d6
Qxf5 35. gxf5 Nh8 36. Re2 b6 37. Bxa6 bxc5 38. Bxc5 Ra8 39. d7 Rfd8 40. Bb5 1-0

[Event "XXXI Memorial Edoardo Crespi A"]
[Site "Milano ITA"]
[Date "2010.12.09"]
[Round "7"]
[White "Lapiccirella, Mattia"]
[Black "Salmoiraghi, Angelo"]
[WhiteElo "2212"]
[BlackElo "2139"]
[Result "1/2-1/2"]
[PlyCount "35"]
[EventDate "2010.12.04"]

1. d4 Nf6 2. c4 c5 3. d5 e5 4. Nc3 d6 5. e4 Nbd7 6. Nf3 Be7 7. Be2 O-O 8. O-O
Ne8 9. Ne1 Bg5 10. Nd3 Bxc1 11. Qxc1 Qe7 12. a3 g6 13. b4 b6 14. Re1 Ng7 15.
Rb1 Ba6 16. bxc5 bxc5 17. Nb5 Nb6 18. f4 1/2-1/2

[Event "XXXI Memorial Edoardo Crespi A"]
[Site "Milano ITA"]
[Date "2010.12.09"]
[Round "7"]
[White "Massironi, Marco"]
[Black "Battistella, Stefano"]
[WhiteElo "2185"]
[BlackElo "2069"]
[Result "1-0"]
[PlyCount "107"]
[EventDate "2010.12.04"]

1. e4 c5 2. Nf3 Nc6 3. Nc3 e5 4. Bb5 d6 5. h3 Nf6 6. d3 h6 7. O-O Be7 8. Nh2 g5
9. Nd5 Nxd5 10. exd5 a6 11. Ba4 b5 12. dxc6 bxa4 13. c3 Qb6 14. Qf3 Be6 15. d4
cxd4 16. cxd4 exd4 17. Ng4 Qc5 18. Re1 Rc8 19. Nf6+ Kd8 20. Bd2 Rc7 21. Rac1
Qb5 22. a3 Kc8 23. Nd7 Rd8 24. Qe4 Re8 25. Qxd4 h5 26. Qb6 g4 27. Ba5 Qxb6 28.
Nxb6+ Kb8 29. Nd7+ Bxd7 30. Bxc7+ Kxc7 31. cxd7+ Kxd7 32. hxg4 hxg4 33. Rc4 Rb8
34. Rxg4 Rxb2 35. Rxa4 Rb6 36. Rf4 Ke8 37. Rfe4 Rb7 38. Rd4 Kd7 39. Ra4 Rb6 40.
Rb4 Rxb4 41. axb4 d5 42. Ra1 Bxb4 43. Rxa6 d4 44. Kf1 Ke7 45. Ke2 f6 46. Kd3
Bc3 47. Ra4 Ke6 48. Rxd4 Bxd4 49. Kxd4 Kf5 50. Kd5 Kg4 51. Ke6 Kg5 52. g3 f5
53. f4+ Kg4 54. Ke5 1-0

[Event "XXXI Memorial Edoardo Crespi A"]
[Site "Milano ITA"]
[Date "2010.12.09"]
[Round "7"]
[White "Mazzariol, Oscar"]
[Black "Formento, Paolo"]
[WhiteElo "2089"]
[BlackElo "1976"]
[Result "1-0"]
[PlyCount "81"]
[EventDate "2010.12.04"]

1. e4 e5 2. Nf3 Nc6 3. Bb5 a6 4. Ba4 f5 5. Nc3 fxe4 6. Bxc6 dxc6 7. Nxe4 Bg4 8.
d3 Be7 9. h3 Bxf3 10. Qxf3 Nf6 11. Bg5 Nxe4 12. Bxe7 Qxe7 13. Qxe4 O-O 14. O-O
Qg5 15. Rae1 Rae8 16. Re2 Re7 17. f4 Qf6 18. d4 Qf7 19. dxe5 Qxa2 20. b3 Qa5
21. f5 Qc5+ 22. Kh1 Qd5 23. c4 Qxe4 24. Rxe4 Rd8 25. Re3 Rd4 26. g4 b5 27. cxb5
cxb5 28. g5 g6 29. f6 Re6 30. Rc1 Rd7 31. Rc5 c6 32. b4 Ra7 33. Rd3 Re8 34. Rd6
a5 35. e6 Kf8 36. bxa5 Rxa5 37. Rcxc6 b4 38. Rc7 Re5 39. Rf7+ Kg8 40. Rg7+ Kh8
41. Rdd7 1-0

[Event "XXXI Memorial Edoardo Crespi A"]
[Site "Milano ITA"]
[Date "2010.12.09"]
[Round "7"]
[White "Mertens, Heiko"]
[Black "Tratar, Marko"]
[WhiteElo "2320"]
[BlackElo "2492"]
[Result "0-1"]
[PlyCount "74"]
[EventDate "2010.12.04"]

1. e4 e6 2. d3 d5 3. Nd2 c5 4. Ngf3 Nc6 5. g3 Bd6 6. Bg2 Nge7 7. O-O O-O 8.
exd5 Nxd5 9. a3 e5 10. Nc4 Bc7 11. Re1 f6 12. c3 Be6 13. Qc2 Qd7 14. b4 cxb4
15. axb4 b5 16. Rd1 Rfd8 17. Ncd2 Bb6 18. Ne4 Rac8 19. Qb2 Qe7 20. Bd2 h6 21.
Be1 Nc7 22. Nh4 g5 23. Nf3 Kg7 24. Nfd2 Rxd3 25. Nxf6 Qxf6 26. Bxc6 Bg4 27. Bb7
Rcd8 28. Ne4 Qf3 29. Rxd3 Qxd3 30. Nc5 Bh3 31. Bg2 Bxg2 32. Kxg2 Qd5+ 33. f3
Rf8 34. Bf2 Rxf3 35. Kg1 Rd3 36. Rf1 a6 37. c4 bxc4 0-1

[Event "XXXI Memorial Edoardo Crespi A"]
[Site "Milano ITA"]
[Date "2010.12.09"]
[Round "7"]
[White "Nicolo', Filippo"]
[Black "Valenti, Giuseppe"]
[WhiteElo "2060"]
[BlackElo "2122"]
[Result "0-1"]
[PlyCount "74"]
[EventDate "2010.12.04"]

1. e4 d6 2. d4 Nf6 3. Nc3 e5 4. Nge2 c6 5. f3 Nbd7 6. Be3 Qc7 7. g4 h6 8. Ng3
b5 9. a3 a6 10. Bg2 Nb6 11. b3 g6 12. Qd2 Bb7 13. O-O Bg7 14. dxe5 dxe5 15.
Rfd1 Nbd7 16. a4 b4 17. Na2 a5 18. c3 bxc3 19. Nxc3 Bf8 20. Rac1 Nc5 21. Qc2
Nfd7 22. Bf1 Ba6 23. Bc4 Bxc4 24. bxc4 Rb8 25. Rb1 Rb4 26. Rxb4 axb4 27. Nce2
Qa5 28. Kg2 Be7 29. Nc1 Qxa4 30. Qd2 b3 31. Qe2 O-O 32. Bxh6 Rb8 33. Qb2 Qxc4
34. Nf1 Na4 35. Qd2 Ndc5 36. Ne3 Qc3 37. Nxb3 Rxb3 0-1

[Event "XXXI Memorial Edoardo Crespi A"]
[Site "Milano ITA"]
[Date "2010.12.09"]
[Round "7"]
[White "Pedroni, Marco"]
[Black "Marinone, Lucio"]
[WhiteElo "1989"]
[BlackElo "2011"]
[Result "0-1"]
[PlyCount "124"]
[EventDate "2010.12.04"]

1. e4 c5 2. Nf3 d6 3. d4 cxd4 4. Nxd4 Nf6 5. Nc3 a6 6. a4 e5 7. Nb3 Be6 8. Bg5
Nbd7 9. Nd2 Qc7 10. Bd3 Be7 11. O-O O-O 12. Kh1 Rfe8 13. f4 exf4 14. Bxf4 Ne5
15. Nf3 Qc5 16. Qe2 Nfg4 17. h3 Nxf3 18. Qxf3 Ne5 19. Qg3 Ng6 20. Be3 Qe5 21.
Qxe5 dxe5 22. Nd5 Rac8 23. c4 Bc5 24. Bd2 Bd4 25. Rab1 Ne7 26. Bb4 Nc6 27. Bd2
f6 28. b3 Kf7 29. Rf3 Bc5 30. Bc3 Bd4 31. Bd2 Bc5 32. b4 Be7 33. Bc3 Kg8 34. b5
Nb8 35. bxa6 bxa6 36. Rf2 Bc5 37. Rfb2 Nd7 38. Rb7 Bd6 39. R7b2 Rb8 40. Ba5 Nc5
41. Bc2 Rxb2 42. Rxb2 Rb8 43. Rxb8+ Bxb8 44. Bb6 Bd6 45. Bxc5 Bxc5 46. g4 h5
47. Nc7 Bxc4 48. gxh5 Kh7 49. Kg2 Kh6 50. Bd1 Kg5 51. Kg3 a5 52. h4+ Kh6 53.
Kg4 Bf7 54. Kf5 Bf2 55. Ne6 Bxh4 56. Nf8 Bxh5 57. Bxh5 Kxh5 58. Ng6 Be1 59. Nh8
g5 60. Ng6 g4 61. Kxf6 g3 62. Nxe5 Bc3 0-1

[Event "XXXI Memorial Edoardo Crespi A"]
[Site "Milano ITA"]
[Date "2010.12.09"]
[Round "7"]
[White "Radice, Luca"]
[Black "Paleologu, Vladimir"]
[WhiteElo "2001"]
[BlackElo "2193"]
[Result "0-1"]
[PlyCount "82"]
[EventDate "2010.12.04"]

1. d4 Nc6 2. Nf3 d6 3. c4 e5 4. Nc3 g6 5. h4 Bg4 6. d5 Nce7 7. Qb3 b6 8. g3 Bg7
9. Bg2 Nf6 10. e4 O-O 11. Ng1 Nh5 12. Nge2 Bd7 13. f3 f5 14. Bg5 h6 15. Bxe7
Qxe7 16. O-O-O Nf6 17. Rdf1 fxe4 18. Nxe4 Nxe4 19. fxe4 Bg4 20. Qd3 h5 21. Nc3
a6 22. Rxf8+ Rxf8 23. Rf1 Bh6+ 24. Kc2 Rxf1 25. Qxf1 g5 26. hxg5 Qxg5 27. Bh3
Kg7 28. Bxg4 Qxg4 29. Qf2 Qg5 30. Qe1 Kg6 31. Kd3 Qf6 32. Qe2 Qf8 33. Kc2 Qc8
34. Kd3 Qh3 35. Qf3 Bc1 36. Kc2 Bh6 37. Qf2 Qg4 38. a4 Qg5 39. Qe1 Qe3 40. Qxe3
Bxe3 41. Nd1 Bd4 0-1

[Event "XXXI Memorial Edoardo Crespi A"]
[Site "Milano ITA"]
[Date "2010.12.09"]
[Round "7"]
[White "Ricci, Marco"]
[Black "Iudicello, Giovanni"]
[WhiteElo "2061"]
[BlackElo "2158"]
[Result "1/2-1/2"]
[PlyCount "54"]
[EventDate "2010.12.04"]

1. e4 e5 2. Nf3 Nc6 3. Bb5 a6 4. Bxc6 dxc6 5. O-O Bg4 6. h3 h5 7. d3 Qf6 8.
Nbd2 Bd6 9. Re1 Ne7 10. d4 Ng6 11. hxg4 hxg4 12. Nh2 Rxh2 13. Qxg4 Rh4 14. Qf5
Rf4 15. Qxf6 Rxf6 16. Nf3 Re6 17. Bd2 O-O-O 18. Bc3 f6 19. dxe5 Nxe5 20. Nxe5
Bxe5 21. Bxe5 Rxe5 22. Re2 c5 23. f4 Re6 24. Kf2 Rh8 25. Rd1 Rd6 26. Red2 Kd7
27. Kf3 Ke6 1/2-1/2

[Event "XXXI Memorial Edoardo Crespi A"]
[Site "Milano ITA"]
[Date "2010.12.09"]
[Round "7"]
[White "Salvador, Roland"]
[Black "Martinez, Rolly"]
[WhiteElo "2527"]
[BlackElo "2425"]
[Result "1/2-1/2"]
[PlyCount "39"]
[EventDate "2010.12.04"]

1. d4 f5 2. c4 Nf6 3. Nc3 g6 4. Bg5 Bg7 5. Bxf6 Bxf6 6. e3 O-O 7. Nf3 d6 8. Be2
Nc6 9. d5 Nb8 10. O-O e5 11. dxe6 Nc6 12. Rc1 Bxe6 13. a3 a5 14. g3 Ne5 15.
Nxe5 dxe5 16. Qxd8 Rfxd8 17. Rfd1 Rxd1+ 18. Rxd1 Rd8 19. Rxd8+ Bxd8 20. b4
1/2-1/2

[Event "XXXI Memorial Edoardo Crespi A"]
[Site "Milano ITA"]
[Date "2010.12.09"]
[Round "7"]
[White "Saric, Sinisa"]
[Black "Lapiccirella, Daniele"]
[WhiteElo "2452"]
[BlackElo "2225"]
[Result "1-0"]
[PlyCount "83"]
[EventDate "2010.12.04"]

1. d4 d5 2. c4 c6 3. Nc3 Nf6 4. e3 e6 5. Bd2 Nbd7 6. Rc1 Bd6 7. cxd5 exd5 8.
Bd3 Nf8 9. Nge2 Ng6 10. f3 Nh5 11. O-O Qh4 12. f4 Bg4 13. Qb3 Qe7 14. Kh1 Bxe2
15. Nxe2 Nf6 16. Ng3 Nh4 17. e4 dxe4 18. Rfe1 O-O 19. Nxe4 Nxe4 20. Bxe4 Qd7
21. d5 c5 22. g3 Nf5 23. Qd3 g6 24. Bc3 Nd4 25. Bxd4 cxd4 26. Qxd4 Rfe8 27. Kg2
Re7 28. Bd3 Rd8 29. Qxa7 Bxf4 30. Rxe7 Qxd5+ 31. Be4 Qd2+ 32. Kh3 Bxg3 33. Rc2
Qh6+ 34. Kxg3 Qg5+ 35. Kf3 Qxe7 36. Qe3 Qh4 37. Qf4 Qh3+ 38. Kf2 Rd1 39. Bg2
Qe6 40. Re2 Qb6+ 41. Qe3 Qf6+ 42. Bf3 1-0

[Event "XXXI Memorial Edoardo Crespi A"]
[Site "Milano ITA"]
[Date "2010.12.10"]
[Round "8"]
[White "Agrifoglio, Fabio"]
[Black "Mazzariol, Oscar"]
[WhiteElo "1999"]
[BlackElo "2089"]
[Result "1/2-1/2"]
[PlyCount "129"]
[EventDate "2010.12.04"]

1. d4 Nf6 2. c4 Nc6 3. Nf3 e6 4. a3 d5 5. e3 Be7 6. b4 dxc4 7. Bxc4 O-O 8. O-O
a6 9. Bb2 b5 10. Bd3 Bb7 11. Nbd2 Re8 12. Qc2 h6 13. Rfd1 Rc8 14. Rac1 Bd6 15.
Nb3 Nb8 16. Ne5 Qe7 17. Na5 Ba8 18. e4 Bxe5 19. dxe5 Nfd7 20. Nb3 Qg5 21. g3
Red8 22. f4 Qe7 23. Bd4 Nc6 24. Bc5 Qe8 25. Qf2 Bb7 26. Rd2 Ba8 27. Qe3 Bb7 28.
Rcd1 Ba8 29. h4 Bb7 30. Rc1 Ba8 31. Rdc2 Ndb8 32. Be2 Rd7 33. Bd4 Nxd4 34. Nxd4
Qe7 35. Nb3 Rdd8 36. Nc5 Qe8 37. Rf1 Qc6 38. Bd3 Nd7 39. Nb3 Qb6 40. Nc5 Nxc5
41. Rxc5 Rd7 42. Bb1 Rcd8 43. Qc3 Rd4 44. Re1 Rc4 45. Qe3 Rxc5 46. bxc5 Qa5 47.
Kf2 Qd2+ 48. Qxd2 Rxd2+ 49. Re2 Rd4 50. Ke3 Rd8 51. Rd2 Rxd2 52. Kxd2 Kf8 53.
Kc3 a5 54. Kd4 Bc6 55. f5 Ke7 56. Bd3 g6 57. f6+ Kd8 58. Bc2 Kc8 59. Bb3 Kd7
60. Ba2 Ke8 61. Bb3 Kd8 62. Bc2 Kd7 63. Bb3 Kd8 64. Ke3 Be8 65. Kd4 1/2-1/2

[Event "XXXI Memorial Edoardo Crespi A"]
[Site "Milano ITA"]
[Date "2010.12.10"]
[Round "8"]
[White "Astengo, Corrado"]
[Black "Borin, Fabio"]
[WhiteElo "2139"]
[BlackElo "2141"]
[Result "1-0"]
[PlyCount "63"]
[EventDate "2010.12.04"]

1. e4 c5 2. Nf3 g6 3. d4 cxd4 4. Nxd4 Nf6 5. Nc3 Nc6 6. Be3 Bg7 7. Nxc6 bxc6 8.
e5 Ng8 9. Bd4 Nh6 10. e6 f6 11. exd7+ Bxd7 12. Bc4 Nf5 13. Bc5 Rb8 14. O-O Qa5
15. Ba3 c5 16. Qd5 e6 17. Rae1 Rb6 18. Bxc5 Rc6 19. Bb5 Qc7 20. Bxc6 Qxc6 21.
Qxc6 Bxc6 22. Rxe6+ Kd7 23. Rfe1 h5 24. Re7+ Kc8 25. Rxa7 Kb8 26. Ra6 Kb7 27.
Rb6+ Kc7 28. Re6 Bd7 29. Nd5+ Kc8 30. Re4 Rh7 31. Rc4 Be8 32. Be7+ 1-0